Fishery Conservation Development and Management (Record no. 4195)

MARC details
000 -LEADER
fixed length control field 00395nam a22001457a 4500
008 - FIXED-LENGTH DATA ELEMENTS--GENERAL INFORMATION
fixed length control field 250709b |||||||| |||| 00| 0 eng d
020 ## - INTERNATIONAL STANDARD BOOK NUMBER
ISBN 9789391670856
100 ## - MAIN ENTRY--AUTHOR
Author Siugh Sliivesh Partap
245 ## - TITLE STATEMENT
Title Fishery Conservation Development and Management
260 ## - PUBLICATION, DISTRIBUTION, ETC. (IMPRINT)
Place of publication Delhi
Name of publisher Amiga Press Inc
Date of publication 2022
300 ## - COLLATION
Pagination vii, 331p.
Other physical details ill.
650 ## - TRACINGS
Main Subject Special topics
942 ## - ADDED ENTRY ELEMENTS (KOHA)
Item type Books
050 ## - LIBRARY OF CONGRESS CALL NUMBER
Classification number SH329
Item number .S56
Holdings
Source of classification or shelving scheme Not for loan Permanent location Current location Date acquired Accession No. Full call number Barcode. Koha item type
Library of Congress Classification   Samuel Ogbemudia Main Library, University of Abuja Samuel Ogbemudia Main Library, University of Abuja 07/09/2025 2023/61899 SH329.S56 2025-2940 Books